Homenaje al cardenal Gomá en el centenario de su nacimiento
Publicado:
San Jorge, núm. 78 (2n trimestre 1970), pàg 117 :
MARC
| LEADER | 00000nam a2200000Ia 4500 | ||
|---|---|---|---|
| 001 | |||
| 008 | 160829s9999 xx 000 0 cat d | ||
| 245 | |a Homenaje al cardenal Gomá en el centenario de su nacimiento | ||
| 260 | |a San Jorge, núm. 78 (2n trimestre 1970), pàg 117 | ||
| 650 | |a Gomà i Tomàs, Isidre |x Aniversaris, etc. |9 40519 | ||
| 650 | 0 | |a Homenatges |9 21383 | |
| 901 | |a Arxiu | ||
| 942 | |n 1 | ||
| 952 | |0 0 |1 0 |4 0 |7 1 |9 49762 |a Arxiu |b Arxiu |d 2016-12-01 |l 0 |r 2016-12-01 00:00:00 |w 2016-12-01 |y ARXIU | ||
| 999 | |c 53604 |d 53604 | ||